LIBRARY ONLINE CATALOGUE

Handbook for data analysis using SPSS : (Record no. 2606)

MARC details
000 -LEADER
fixed length control field 00772nam a22002052 4500
001 - CONTROL NUMBER
control field 0000004318
005 - DATE AND TIME OF LATEST TRANSACTION
control field 20151217145803.0
008 - FIXED-LENGTH DATA ELEMENTS--GENERAL INFORMATION
fixed length control field 070522s xx 000 0 eng d
040 ## - CATALOGING SOURCE
Original cataloging agency KABU
Transcribing agency KABU
050 #0 - LIBRARY OF CONGRESS CALL NUMBER
Classification number QA276.4
Item number .O28
100 1# - MAIN ENTRY--PERSONAL NAME
Personal name Obure, Ming'ala J.
-- 0000160893
245 10 - TITLE STATEMENT
Title Handbook for data analysis using SPSS :
Remainder of title mastering SPSS for Windows & statistics in plain English text: for researchers and data analysts /
Statement of responsibility, etc. Ming'ala J. Obure.
260 ## - PUBLICATION, DISTRIBUTION, ETC. (IMPRINT)
Place of publication, distribution, etc. Nairobi :
Name of publisher, distributor, etc. M & O Data Expert Training and Consultants,
Date of publication, distribution, etc. c2002.
300 ## - PHYSICAL DESCRIPTION
Extent xiv, 316 p. ;
Dimensions 27 cm.
650 #0 - SUBJECT ADDED ENTRY--TOPICAL TERM
Topical term or geographic name as entry element Statistics
General subdivision Data processing.
-- 0000154808
650 #0 - SUBJECT ADDED ENTRY--TOPICAL TERM
Topical term or geographic name as entry element Statistics
General subdivision Computer programs.
-- 0000160894
908 ## - PUT COMMAND PARAMETER (RLIN)
Put command parameter 070522
950 ## - LOCAL HOLDINGS (RLIN)
-- 1
Holdings
Withdrawn status Lost status Source of classification or shelving scheme Not for loan Home library Current library Date acquired Total Checkouts Full call number Barcode Date last seen Date last checked out Price effective from Koha item type
    Library of Congress Classification   Kabarak, Main Campus Kabarak, Main Campus 17/12/2015 4 QA276.4 .O28 008536 19/10/2021 30/09/2021 17/12/2015 General Collection